| 000 | 00488nam a22001817a 4500 | ||
|---|---|---|---|
| 999 |
_c3646 _d3646 |
||
| 003 | OSt | ||
| 005 | 20181116112118.0 | ||
| 008 | 181116b ||||| |||| 00| 0 eng d | ||
| 020 | _a9781603833813 | ||
| 040 | _cDLC | ||
| 082 |
_a248.4 _bR173G |
||
| 100 | _aRamirez, Louis C. | ||
| 245 |
_aThe Gift Of Life & Love/ _cBy Louis C. Ramirez. |
||
| 260 |
_aUSA : _bHoly Fire Publishing, _cc2011. |
||
| 300 | _a155 p.: | ||
| 650 |
_aLife & Love _xTrying To Make Sense Of It All |
||
| 942 |
_2ddc _cBK |
||